000 00454nam a2200169 i 4500
001 bg
100 1 _aBILIŃSKI, Tadeusz
_d(1932- ).
245 0 _aBudownictwo prefabrykowane /
_cTadeusz Biliński, Janusz Kozak, Andrzej Tomaszewicz.
260 _aPoznań,
_c1976.
700 1 _aKOZAK, Janusz
700 1 _aTOMASZEWICZ, Andrzej
040 _cBPK
041 _apol
080 _a624:69.057
942 _cKS
008 s pl f |000 0 pol
999 _c17621
_d17621
856 _uhttp://koha.tu.koszalin.pl/cgi-bin/koha/opac-detail.pl?biblionumber=17621
_yKatalog online BPK